000
00200nam a2200085Ia 4500
008
120527s9999 xx 000 0 und d
100
_a
Goodwin, James. G
245
_a
Research in Psychology
942
_c
BK
999
_c
27512
_d
27512